000 00409nam a22001577a 4500
005 20200529103302.0
008 200529b xxu||||| |||| 00| 0 eng d
041 _aeng
082 _a340
100 _aBARE ACT
_95744
245 _aTHE PROHIBIION OF BENAMI PROPERTY TRANSACTION ACT, 1988 (45- 2005)
260 _aDELHI
_bPROFESSIONALS BOOK PUBLISHERS
300 _a37,p
650 _aLAW
_95701
942 _cBK
999 _c6597
_d6595